| 000 | 01282nam a22002537a 4500 | ||
|---|---|---|---|
| 005 | 20111202103240.0 | ||
| 010 | _aB-444793-794 | ||
| 020 |
_a9780195666236 _c275.00 |
||
| 020 |
_a0195666232 _c275.00 |
||
| 035 | _aB-444793-794 | ||
| 037 | _bAllied Pub/Ven | ||
| 100 |
_aNair, C.N. Sreekantan _943296 |
||
| 245 |
_aRetelling the Ramayana: _cby C.N. Sreekantan Nair [and] Sarah Joseph; translated from the Malayalam by Vasanthi Sankaranarayanan _bvoices from Kerala / |
||
| 260 |
_aNew Delhi _bOxford University Press _c2011 |
||
| 270 |
_aYMCA Library Building, Jai Singh Road, _bNew Delhi _e110001 |
||
| 300 |
_axxiv, 157p. _c24cm (Hb) |
||
| 500 | _aIncludes glossary | ||
| 700 |
_aJoseph, Sarah _936426 |
||
| 700 |
_aSankaranarayanan, Vasanthi _936427 |
||
| 942 |
_2ddc _cEN _mNAI _h872.08 |
||
| 999 |
_c58902 _d58902 |
||